000
00276nam a2200121 a 4500
008
100921s1972|||| d
245
1
0
_a
Vyhnanstvo
100
1
_a
Feuchtwanger, Lion
260
_b
Pravda
_c
1972
_a
Bratislava
020
_c
46,50
044
_a
xo
_c
SK
041
_a
slo
999
_c
10577
_d
10577